| 000 | 01287nam a22002775a 4500 | ||
|---|---|---|---|
| 999 |
_c27033 _d27005 |
||
| 003 | OSt | ||
| 005 | 20181210132815.0 | ||
| 008 | 181210s2018 ua a frb 000 0 ara d | ||
| 017 | _a2018 / 19830 | ||
| 020 | _a9773285200 | ||
| 040 |
_aEG-ScBUE _bara _cEG-ScBUE _dEG-ScBUE |
||
| 043 | _af-ua--- | ||
| 082 | 0 | 4 |
_a342.6206 _bع ب د _222 |
| 100 | 1 |
_aعبد الوهاب، محمد رفعت. _941957 |
|
| 245 | 1 | 2 |
_aالنظرية العامة للقانون الإداري : _bطبيعة القانون الإداري - التنظيم الإداري - وظائف الإدارة العليا - الموظفون العموميون - أعمال الإدارة العامة - امتيازات الإدارة العامة - أموال الإدارة العامة / _cمحمد رفعت عبد الوهاب. |
| 246 | 3 | 0 | _aقانون الإداري |
| 260 |
_aالإسكندرية : _bدار الجامعة الجديدة، _c2018. |
||
| 300 |
_a711 ص. ؛ _c24 سم. |
||
| 504 | _aيشتمل على إرجاعات ببليوجرافية. | ||
| 650 | 7 |
_aالقانون الإداري _zمصر. _2BUEsh |
|
| 650 | 7 |
_aالتنظيم الإداري _xقوانين وتشريعات _zمصر. _2BUEsh |
|
| 651 | _2BUEsh | ||
| 653 |
_bLLAAWW _cDecember2018 |
||
| 655 | _vReading book | ||
| 942 | _2ddc | ||